000
00350nam a2200145Ia 4500
008
231217s9999 xx 000 0 und d
020
_a
74633627
041
_a
English
082
_a
658.8 SAX;6
100
_a
Saxena, Rajan.
245
0
_a
Marketing management
260
_c
1999
_b
Tata McGraw-Hill
_a
New Delhi
300
_a
xvii+566
942
_c
AA
999
_c
178259
_d
178259